000 00244nam a2200097Ia 4500
001 703098
005 20250826162345.0
008 250824s9999 xx 000 0 und d
245 0 _aAZAT KUŞLARI
_cAHMED GÜNBAY YILDIZ
260 _bTİMAŞ YAYINLARI
999 _c703098
_d703098